[Event "23rd EUR-ch"]
[Site "Vrnjacka Banja SRB"]
[Date "2023.03.05"]
[Round "3.47"]
[White "Shubin, Kirill"]
[Black "Hovhannisian, Robert"]
[Result "1/2-1/2"]
[WhiteElo "2449"]
[BlackElo "2597"]
[EventDate "2023.03.03"]
[PlyCount "73"]

1.e4 e5 2.Nf3 Nc6 3.Bb5 Nf6 4.O-O Nxe4 5.d4 Nd6 6.dxe5 Nxb5 7.a4 d6 8.e6 
Bxe6 9.axb5 Ne5 10.Nd4 Be7 11.f4 Nc4 12.Qe2 Nb6 13.Re1 Bf6 14.Nxe6 fxe6 
15.Qxe6+ Qe7 16.Qxe7+ Bxe7 17.g4 Kd7 18.Kg2 g6 19.Nc3 a6 20.Be3 Bf6 21.Ne4
Bxb2 22.Rab1 Nc4 23.Rxb2 Nxb2 24.Bd4 Nc4 25.Bxh8 Rxh8 26.Nf6+ Kd8 27.bxa6 
bxa6 28.Ra1 a5 29.Ra4 Rf8 30.g5 d5 31.Nxd5 Rf5 32.Rxc4 Rxd5 33.Ra4 c6 34.
c4 Rf5 35.Kf3 Kc7 36.Ke4 Kb6 37.h4 1/2-1/2

[Event "23rd EUR-ch"]
[Site "Vrnjacka Banja SRB"]
[Date "2023.03.05"]
[Round "3.48"]
[White "Brkic, Ante"]
[Black "Levin, Guy"]
[Result "1-0"]
[WhiteElo "2596"]
[BlackElo "2419"]
[EventDate "2023.03.03"]
[PlyCount "95"]

1.e4 c5 2.Nf3 Nc6 3.d4 cxd4 4.Nxd4 e5 5.Nb5 d6 6.N1c3 a6 7.Na3 Be7 8.Be3 
b5 9.Nd5 Rb8 10.c4 b4 11.Nc2 Nf6 12.Nxf6+ Bxf6 13.b3 O-O 14.h4 Re8 15.g3 
a5 16.Bg2 Be6 17.O-O a4 18.Qd2 Qc7 19.Kh2 Rec8 20.Rfd1 Be7 21.Bh3 Na5 22.
Rab1 Qb7 23.Qd3 Ra8 24.Rd2 axb3 25.axb3 Nc6 26.Qe2 Rf8 27.Bxe6 fxe6 28.Qg4
Qc8 29.h5 Kh8 30.Kg2 Ra2 31.h6 gxh6 32.Rh1 Rg8 33.Qe2 Rb2 34.Na1 Rxd2 35.
Qxd2 Qa8 36.Nc2 Qa2 37.Rxh6 Qxb3 38.Qe2 Bf8 39.Rh1 Qa2 40.Qh5 Rg7 41.Qe8 
Kg8 42.Qxe6+ Kh8 43.Bh6 Qxc2 44.Bxg7+ Kxg7 45.Qg4+ Kf6 46.Qf5+ Ke7 47.
Rxh7+ Ke8 48.Qd7# 1-0

[Event "23rd EUR-ch"]
[Site "Vrnjacka Banja SRB"]
[Date "2023.03.05"]
[Round "3.49"]
[White "Stankovic, Milos"]
[Black "Lagarde, Maxime"]
[Result "1-0"]
[WhiteElo "2447"]
[BlackElo "2581"]
[EventDate "2023.03.03"]
[PlyCount "51"]

1.e4 c5 2.Nf3 e6 3.d4 cxd4 4.Nxd4 Nc6 5.Nc3 Qc7 6.Be3 a6 7.Qf3 Ne5 8.Qg3 
h5 9.h4 b5 10.O-O-O Nf6 11.Bxb5 axb5 12.Ndxb5 Qb8 13.Bf4 d6 14.Nxd6+ Bxd6 
15.Rxd6 Qxd6 16.Bxe5 Qc5 17.Bd6 Qc6 18.e5 Ne4 19.Qxg7 Nxc3 20.Qxh8+ Kd7 
21.bxc3 Qxc3 22.Rh3 Qe1+ 23.Kb2 Qxf2 24.Qf8 Ra7 25.Rc3 Rb7+ 26.Bb4 1-0

[Event "23rd EUR-ch"]
[Site "Vrnjacka Banja SRB"]
[Date "2023.03.05"]
[Round "3.50"]
[White "Lupulescu, Constantin"]
[Black "Kalogeris, Ioannis"]
[Result "1/2-1/2"]
[WhiteElo "2580"]
[BlackElo "2409"]
[EventDate "2023.03.03"]
[PlyCount "69"]

1.e4 c6 2.Nf3 d5 3.Nc3 Bg4 4.h3 Bxf3 5.Qxf3 e6 6.g3 d4 7.Nb1 Nd7 8.d3 Ngf6
9.Nd2 h5 10.h4 Qa5 11.Bh3 Bb4 12.a3 Ne5 13.Qe2 Qa4 14.Kf1 Be7 15.b3 Qa6 
16.Kg2 b5 17.Bb2 Rd8 18.b4 c5 19.Nb3 Qb6 20.bxc5 Bxc5 21.c3 Nc6 22.Nxc5 
Qxc5 23.Rhc1 Qb6 24.Rab1 a6 25.a4 O-O 26.cxd4 Nxd4 27.Qe3 e5 28.Ba3 Rfe8 
29.Bc5 Qb7 30.axb5 axb5 31.Rb4 Nc6 32.Rb2 b4 33.Rc4 Qa6 34.Bxb4 Nxb4 35.
Rbxb4 1/2-1/2

[Event "23rd EUR-ch"]
[Site "Vrnjacka Banja SRB"]
[Date "2023.03.05"]
[Round "3.51"]
[White "Spyropoulos, Nikolaos"]
[Black "Moroni, Luca jr"]
[Result "0-1"]
[WhiteElo "2442"]
[BlackElo "2578"]
[EventDate "2023.03.03"]
[PlyCount "120"]

1.e4 c5 2.Nf3 e6 3.d4 cxd4 4.Nxd4 a6 5.Bd3 Bc5 6.Nb3 Ba7 7.O-O Nc6 8.Nc3 
Nge7 9.Qe2 d6 10.Kh1 e5 11.f4 exf4 12.Bxf4 Ng6 13.Bg3 O-O 14.Nd5 Nce5 15.
c3 Be6 16.Nd4 Bxd4 17.cxd4 Nxd3 18.Qxd3 Bxd5 19.exd5 Qd7 20.Rac1 f5 21.Be1
f4 22.Bd2 Rae8 23.Rf2 Rf5 24.g3 Qf7 25.Bxf4 Nxf4 26.gxf4 Rxf4 27.Rxf4 Qxf4
28.Rf1 Qg4 29.h3 Qh5 30.Qb3 Qe2 31.Qd1 Qe4+ 32.Qf3 Qxf3+ 33.Rxf3 Re1+ 34.
Kg2 Re2+ 35.Kg3 Rxb2 36.Rc3 Rb5 37.Rc7 Rxd5 38.Rxb7 Rxd4 39.Ra7 Ra4 40.Rd7
Rxa2 41.Rxd6 Ra1 42.Kh2 h6 43.Rb6 a5 44.Ra6 Kf7 45.Kg2 a4 46.Kh2 a3 47.Kg2
Ke7 48.Kg3 Kd7 49.Kg2 Kc7 50.Kh2 Kb7 51.Ra4 Kb6 52.Ra8 Kb5 53.Ra7 g6 54.
Kg2 Kb4 55.Rb7+ Kc3 56.Rc7+ Kb2 57.Rb7+ Ka2 58.Rb6 Rb1 59.Rxg6 Rb3 60.Rxh6
Kb2 0-1

[Event "23rd EUR-ch"]
[Site "Vrnjacka Banja SRB"]
[Date "2023.03.05"]
[Round "3.52"]
[White "Seemann, Jakub"]
[Black "Svane, Frederik"]
[Result "0-1"]
[WhiteElo "2424"]
[BlackElo "2577"]
[EventDate "2023.03.03"]
[PlyCount "116"]

1.c4 Nf6 2.Nc3 g6 3.e4 d6 4.d4 Bg7 5.h3 e5 6.d5 Nbd7 7.Be3 Nc5 8.Qc2 O-O 
9.g4 c6 10.Nge2 cxd5 11.cxd5 Bd7 12.Ng3 Rc8 13.Qd2 a5 14.f3 h5 15.h4 hxg4 
16.h5 Nh7 17.fxg4 Bxg4 18.Be2 Bd7 19.Bb5 Bxb5 20.Nxb5 Qd7 21.Qe2 Bf6 22.
Na7 Ra8 23.Bxc5 dxc5 24.Nb5 Bg5 25.Kd1 Bf4 26.Rg1 Ng5 27.Kc2 a4 28.Raf1 
Ra6 29.d6 Rb6 30.Nc3 Rxd6 31.Nd5 Nh3 32.Rg2 Bxg3 33.hxg6 fxg6 34.Rxf8+ 
Kxf8 35.Rxg3 Nf4 36.Qf2 Rxd5 37.exd5 Qxd5 38.Qh2 Kg7 39.Re3 Qc4+ 40.Kb1 
Qd4 41.Re1 b5 42.Rh1 Kf6 43.Qh8+ Kg5 44.Qh6+ Kg4 45.Rc1 e4 46.Rh1 e3 47.
Rg1+ Kf5 48.Qf8+ Ke4 49.Qe7+ Kf3 50.Qh4 e2 51.Rg3+ Ke4 52.Qe7+ Kd5 53.Rg5+
Kc4 54.a3 Kd3 55.Rxc5 Qxc5 56.Qxc5 e1=Q+ 57.Ka2 Qe6+ 58.Ka1 Qd5 0-1

[Event "23rd EUR-ch"]
[Site "Vrnjacka Banja SRB"]
[Date "2023.03.05"]
[Round "3.53"]
[White "Kochavi, Ori"]
[Black "Grigoriants, Sergey"]
[Result "1/2-1/2"]
[WhiteElo "2417"]
[BlackElo "2572"]
[EventDate "2023.03.03"]
[PlyCount "32"]

1.e4 c5 2.Nf3 d6 3.d4 cxd4 4.Nxd4 Nf6 5.Nc3 a6 6.Be3 e5 7.Nf3 Be7 8.Bc4 
Be6 9.Bb3 Nbd7 10.O-O Rc8 11.Qe2 Qc7 12.Rfd1 Bc4 13.Qe1 O-O 14.Nh4 g6 15.
Bg5 b5 16.Nf3 Qb7 1/2-1/2

[Event "23rd EUR-ch"]
[Site "Vrnjacka Banja SRB"]
[Date "2023.03.05"]
[Round "3.54"]
[White "Laurusas, Tomas"]
[Black "Kilic, Eray"]
[Result "0-1"]
[WhiteElo "2571"]
[BlackElo "2415"]
[EventDate "2023.03.03"]
[PlyCount "92"]

1.d4 Nf6 2.c4 e6 3.Nf3 b6 4.Nc3 Bb7 5.g3 Be7 6.Bg2 O-O 7.O-O Ne4 8.Bd2 d6 
9.d5 Nxc3 10.Bxc3 e5 11.b4 Nd7 12.e4 a6 13.Nd2 g6 14.Nb3 Bf6 15.a4 Bg7 16.
a5 f5 17.exf5 gxf5 18.Rc1 b5 19.cxb5 axb5 20.f4 e4 21.Bxg7 Kxg7 22.Bh3 Nf6
23.Nd4 Bxd5 24.Nxf5+ Kh8 25.Ne3 Bc4 26.Nxc4 bxc4 27.g4 d5 28.g5 Ne8 29.
Qd4+ Ng7 30.Kh1 c6 31.Rc3 Qc7 32.f5 Qa7 33.Qd1 Rae8 34.f6 Ne6 35.Bxe6 Rxe6
36.Qg4 Rd6 37.Rh3 Qd7 38.Qxd7 Rxd7 39.g6 Kg8 40.Rg1 hxg6 41.Rxg6+ Kf7 42.
Rg7+ Ke6 43.a6 Rxf6 44.Rxd7 Kxd7 45.a7 Rf8 46.Ra3 d4 0-1

[Event "23rd EUR-ch"]
[Site "Vrnjacka Banja SRB"]
[Date "2023.03.05"]
[Round "3.55"]
[White "Nesterov, Arseny"]
[Black "Han, Yichen"]
[Result "1/2-1/2"]
[WhiteElo "2568"]
[BlackElo "2405"]
[EventDate "2023.03.03"]
[PlyCount "44"]

1.d4 Nf6 2.c4 e6 3.Nf3 d5 4.Nc3 Bb4 5.Qa4+ Nc6 6.e3 O-O 7.Bd2 dxc4 8.Bxc4 
Bd6 9.Qc2 e5 10.dxe5 Nxe5 11.Nxe5 Bxe5 12.O-O-O Qe7 13.Rhe1 Be6 14.Bd3 h6 
15.f4 Bxc3 16.Bxc3 Nd5 17.a3 Nxc3 18.Qxc3 Rad8 19.Bc2 c6 20.Qe5 Rde8 21.
Qe4 f5 22.Qd3 Bd5 1/2-1/2

[Event "23rd EUR-ch"]
[Site "Vrnjacka Banja SRB"]
[Date "2023.03.05"]
[Round "3.56"]
[White "Kalezic, Blazo"]
[Black "Teclaf, Pawel"]
[Result "1/2-1/2"]
[WhiteElo "2415"]
[BlackElo "2568"]
[EventDate "2023.03.03"]
[PlyCount "46"]

1.e4 e6 2.d4 d5 3.e5 c5 4.c3 Nc6 5.Nf3 Qb6 6.a3 Nh6 7.b4 cxd4 8.cxd4 Nf5 
9.Bb2 Bd7 10.Nc3 Ncxd4 11.Nxd4 Qxd4 12.Qxd4 Nxd4 13.Nxd5 Nc2+ 14.Kd2 O-O-O
15.Rc1 Ba4 16.Bd3 Rxd5 17.Ke2 Rxd3 18.Kxd3 Be7 19.Rxc2+ Bxc2+ 20.Kxc2 Rd8 
21.Re1 Rd5 22.Re4 Kd7 23.Rg4 g6 1/2-1/2

[Event "23rd EUR-ch"]
[Site "Vrnjacka Banja SRB"]
[Date "2023.03.05"]
[Round "3.57"]
[White "Dragnev, Valentin"]
[Black "Mitsis, Georgios"]
[Result "1-0"]
[WhiteElo "2561"]
[BlackElo "2407"]
[EventDate "2023.03.03"]
[PlyCount "129"]

1.e4 e5 2.Nf3 Nc6 3.Bb5 a6 4.Ba4 Nf6 5.O-O b5 6.Bb3 Bc5 7.a4 Rb8 8.axb5 
axb5 9.Nxe5 Nxe5 10.d4 Bxd4 11.Qxd4 d6 12.f4 Nc6 13.Qd3 O-O 14.Nc3 Nb4 15.
Qd2 Be6 16.Bxe6 fxe6 17.Ne2 c5 18.Ng3 Qc7 19.c3 Nc6 20.f5 Rbe8 21.Qd1 Ne5 
22.Bg5 c4 23.Qd4 Nc6 24.Qd2 Ne5 25.Be3 Qc6 26.fxe6 Rxe6 27.Qd4 Ned7 28.Ra7
Ra8 29.Rfa1 Rxa7 30.Qxa7 Nc5 31.Bd4 Nfd7 32.Qa8+ Qxa8 33.Rxa8+ Kf7 34.Ra7 
Kf8 35.Ra8+ Kf7 36.Ra7 Kf8 37.Kf2 g6 38.Ke3 Re7 39.Rc7 Na4 40.Rb7 Nxb2 41.
Rxb5 Nd3 42.Rd5 Re6 43.Ra5 Re8 44.Ra7 Ke7 45.Nf1 Ne1 46.Kf2 Nd3+ 47.Kg3 
Ke6 48.Nd2 N3e5 49.Rc7 d5 50.exd5+ Kxd5 51.Nxc4 Nxc4 52.Rxd7+ Nd6 53.Rxh7 
Re6 54.Kf4 Re4+ 55.Kg5 Re6 56.h4 Ne4+ 57.Kf4 Nd6 58.g4 Re4+ 59.Kf3 Re6 60.
Rc7 Re1 61.Rg7 Re6 62.h5 gxh5 63.gxh5 Ne4 64.Rg6 Re7 65.h6 1-0

[Event "23rd EUR-ch"]
[Site "Vrnjacka Banja SRB"]
[Date "2023.03.05"]
[Round "3.58"]
[White "Tekeev, Zaur"]
[Black "Makarian, Rudik"]
[Result "1/2-1/2"]
[WhiteElo "2415"]
[BlackElo "2557"]
[EventDate "2023.03.03"]
[PlyCount "28"]

1.e4 c6 2.Nc3 d5 3.Nf3 dxe4 4.Nxe4 Nf6 5.Qe2 Nxe4 6.Qxe4 Nd7 7.d4 Nf6 8.
Qd3 g6 9.Be2 Bg7 10.O-O O-O 11.Re1 Bf5 12.Qb3 Qb6 13.c3 Nd5 14.Bf1 Rfe8 
1/2-1/2

[Event "23rd EUR-ch"]
[Site "Vrnjacka Banja SRB"]
[Date "2023.03.05"]
[Round "3.59"]
[White "Suleymanli, Aydin"]
[Black "Zawadzka, Jolanta"]
[Result "1-0"]
[WhiteElo "2552"]
[BlackElo "2391"]
[EventDate "2023.03.03"]
[PlyCount "81"]

1.c4 e6 2.Nc3 d5 3.d4 c6 4.e3 Nf6 5.Nf3 Nbd7 6.Qc2 Bd6 7.b3 O-O 8.Be2 b6 
9.O-O Bb7 10.Bb2 Qe7 11.Rad1 Rad8 12.Rfe1 Rfe8 13.Bf1 e5 14.dxe5 Nxe5 15.
Nd4 dxc4 16.Nf5 Qe6 17.Nxd6 Rxd6 18.Rxd6 Qxd6 19.Rd1 cxb3 20.axb3 Qe7 21.
Ne4 Nd5 22.Ng3 Bc8 23.e4 Nb4 24.Qc3 f6 25.f4 Nf7 26.Bc4 a5 27.h3 b5 28.Be2
Rd8 29.Ra1 Nd6 30.Qc5 Qe6 31.Rd1 Qxb3 32.Rxd6 Rxd6 33.Qxd6 Qxg3 34.Qd8+ 
Kf7 35.Bh5+ g6 36.Qc7+ Ke8 37.Qxc8+ Ke7 38.Qc7+ Ke8 39.Bxf6 Qe1+ 40.Kh2 
Qxe4 41.Bg4 1-0

[Event "23rd EUR-ch"]
[Site "Vrnjacka Banja SRB"]
[Date "2023.03.05"]
[Round "3.60"]
[White "Tutisani, Noe"]
[Black "Sychev, Klementy"]
[Result "0-1"]
[WhiteElo "2411"]
[BlackElo "2549"]
[EventDate "2023.03.03"]
[PlyCount "68"]

1.e4 e5 2.Nf3 Nc6 3.Bb5 a6 4.Ba4 Nf6 5.O-O Bc5 6.c3 b5 7.Bb3 d6 8.d4 Bb6 
9.Re1 h6 10.a4 Rb8 11.axb5 axb5 12.Na3 O-O 13.Nxb5 Bg4 14.d5 Ne7 15.h3 Bh5
16.Qd3 Nd7 17.Bd1 f5 18.exf5 Nxf5 19.Be3 Bxe3 20.fxe3 e4 21.Qxe4 Bxf3 22.
Bxf3 Rxb5 23.Bg4 Nc5 24.Qc2 Ng3 25.e4 h5 26.c4 Rb8 27.Ra3 hxg4 28.Rxg3 Qf6
29.Rxg4 Qd4+ 30.Kh2 Rb7 31.b3 Rxb3 32.e5 Rb2 33.Rge4 Qxe4 34.Qxb2 Qf4+ 0-1

[Event "23rd EUR-ch"]
[Site "Vrnjacka Banja SRB"]
[Date "2023.03.05"]
[Round "3.61"]
[White "Kobo, Ori"]
[Black "Salimova, Nurgyul"]
[Result "1-0"]
[WhiteElo "2548"]
[BlackElo "2392"]
[EventDate "2023.03.03"]
[PlyCount "95"]

1.Nf3 d5 2.g3 Nd7 3.d4 Nb6 4.Nc3 Nf6 5.Bg2 g6 6.O-O Bg7 7.a4 a5 8.Ne5 O-O 
9.e3 c6 10.b3 Be6 11.Ba3 Nc8 12.Ne2 Nd7 13.Nd3 Nd6 14.Rc1 Nb6 15.Nef4 Bf5 
16.Bxd6 exd6 17.c4 dxc4 18.bxc4 c5 19.dxc5 dxc5 20.Qb3 Bxd3 21.Nxd3 Nxa4 
22.Rfd1 Qe8 23.Rd2 Rd8 24.Ra2 Rd6 25.Bf1 Nb6 26.Rxa5 Nd7 27.Qxb7 Ne5 28.
Nxe5 Qxe5 29.Qc7 Qf6 30.Rxc5 Rd2 31.Qf4 Qb2 32.Re1 Qc3 33.Rb1 Rfd8 34.Rc7 
Bf6 35.Qf3 Rb2 36.Rxb2 Qxb2 37.c5 Qa1 38.Qb7 Rd1 39.Qb5 Qa2 40.Rc8+ Kg7 
41.Rc7 Bc3 42.c6 Kh6 43.h4 Rc1 44.Qg5+ Kg7 45.h5 Qa8 46.h6+ Kg8 47.Qg4 f5 
48.Qc4+ 1-0

[Event "23rd EUR-ch"]
[Site "Vrnjacka Banja SRB"]
[Date "2023.03.05"]
[Round "3.62"]
[White "David, Alexandru-Vasile"]
[Black "Pultinevicius, Paulius"]
[Result "0-1"]
[WhiteElo "2410"]
[BlackElo "2546"]
[EventDate "2023.03.03"]
[PlyCount "80"]

1.d4 Nf6 2.c4 e6 3.Nc3 d5 4.cxd5 exd5 5.Bg5 c6 6.e3 h6 7.Bh4 Be7 8.Bd3 O-O
9.Nge2 Ne8 10.Bg3 Nd6 11.O-O Re8 12.Bf4 Bg5 13.Bxd6 Qxd6 14.e4 dxe4 15.
Nxe4 Qd8 16.Nxg5 Qxg5 17.Ng3 Be6 18.f4 Qh4 19.f5 Bd5 20.f6 g6 21.Qc2 Qg4 
22.Rf2 Na6 23.Raf1 Re3 24.Rf4 Qg5 25.Bxa6 bxa6 26.Ne4 Qh5 27.Ng3 Qg5 28.
Ne4 Bxe4 29.Rxe4 Rxe4 30.Qxe4 Qb5 31.b3 Rd8 32.Rc1 Qa5 33.Qe7 Qb6 34.Rc5 
Qb8 35.Rxc6 Re8 36.Rd6 Qc8 37.h3 Rxe7 38.fxe7 Kg7 39.Rd5 f6 40.Kh2 Qe8 0-1

[Event "23rd EUR-ch"]
[Site "Vrnjacka Banja SRB"]
[Date "2023.03.05"]
[Round "3.63"]
[White "Lobanov, Sergei"]
[Black "Antic, Dejan"]
[Result "1/2-1/2"]
[WhiteElo "2545"]
[BlackElo "2388"]
[EventDate "2023.03.03"]
[PlyCount "77"]

1.d4 e6 2.c4 Nf6 3.Nc3 Bb4 4.e3 b6 5.Bd2 Bb7 6.a3 Bxc3 7.Bxc3 Ne4 8.Qc2 
O-O 9.Ne2 f5 10.Nf4 g5 11.Nh5 Qe8 12.Be2 d6 13.d5 e5 14.g4 Nxf2 15.Rf1 
Nxg4 16.Bxg4 fxg4 17.Nf6+ Rxf6 18.Rxf6 Nd7 19.Rf2 Qg6 20.Qxg6+ hxg6 21.
O-O-O Rf8 22.Rxf8+ Kxf8 23.b4 Nf6 24.a4 Ke7 25.Kb2 Bc8 26.Kb3 Bf5 27.a5 
Be4 28.b5 Bf3 29.Ra1 Ne4 30.Be1 Nc5+ 31.Kc3 Ne4+ 32.Kb4 Nc5 33.Bg3 Be4 34.
Ra2 Nd3+ 35.Kc3 Nc5 36.axb6 axb6 37.Ra7 Kd7 38.Ra8 Bf5 39.Ra2 1/2-1/2

[Event "23rd EUR-ch"]
[Site "Vrnjacka Banja SRB"]
[Date "2023.03.05"]
[Round "3.64"]
[White "Muradli, Mahammad"]
[Black "Patrelakis, Evaggelos"]
[Result "1-0"]
[WhiteElo "2539"]
[BlackElo "2387"]
[EventDate "2023.03.03"]
[PlyCount "115"]

1.Nf3 Nf6 2.c4 e6 3.g3 d5 4.d4 Bb4+ 5.Bd2 a5 6.a3 Be7 7.Bg2 O-O 8.Qc2 Nbd7
9.O-O c5 10.cxd5 exd5 11.dxc5 Nxc5 12.Nd4 Bg4 13.Nc3 Rc8 14.Rad1 Nce4 15.
h3 Bh5 16.Be1 Bc5 17.Qb3 Qd6 18.Bf3 Bxf3 19.exf3 Ng5 20.Kg2 Qd7 21.Rh1 
Bxd4 22.Rxd4 Ne6 23.Rd1 d4 24.Ne2 Rc5 25.Qd3 Re5 26.Nc1 Nc5 27.Qb1 Qd5 28.
g4 Rfe8 29.Nd3 R5e7 30.Nxc5 Qxc5 31.b4 Qd6 32.Bd2 Nd5 33.Rhe1 axb4 34.axb4
h6 35.Rxe7 Rxe7 36.Rc1 Rc7 37.Re1 Re7 38.Rxe7 Nxe7 39.Qe4 b5 40.Qa8+ Kh7 
41.Qe8 Ng6 42.Qxb5 Nh4+ 43.Kf1 d3 44.Qb7 f5 45.Bc3 Qg6 46.Qd5 d2 47.Bxd2 
Qa6+ 48.b5 Qa1+ 49.Ke2 Qf6 50.f4 h5 51.f3 Qe7+ 52.Kf2 Qa7+ 53.Be3 Qa1 54.
Kg3 hxg4 55.fxg4 Ng6 56.Qxf5 Qe1+ 57.Bf2 Qc3+ 58.Kg2 1-0

[Event "23rd EUR-ch"]
[Site "Vrnjacka Banja SRB"]
[Date "2023.03.05"]
[Round "3.65"]
[White "Ohanian, Emin"]
[Black "Kelires, Andreas"]
[Result "1-0"]
[WhiteElo "2405"]
[BlackElo "2538"]
[EventDate "2023.03.03"]
[PlyCount "127"]

1.d4 Nf6 2.c4 e6 3.Nf3 d5 4.Nc3 Bb4 5.Bg5 Nbd7 6.e3 c5 7.cxd5 exd5 8.Qc2 
Qa5 9.Bd3 c4 10.Bf5 O-O 11.O-O Re8 12.a3 Bxc3 13.Qxc3 Qa6 14.Nd2 Nf8 15.
Bc2 Bd7 16.b3 Rac8 17.bxc4 dxc4 18.e4 Nh5 19.Be3 Ng6 20.g3 f5 21.Bg5 Nh8 
22.e5 Nf7 23.Be3 g5 24.f4 gxf4 25.Bxf4 Qg6 26.Rae1 Be6 27.Qe3 Red8 28.Nf3 
Nxf4 29.Qxf4 Qg4 30.Qe3 Rc6 31.Rd1 Bd5 32.Kf2 Rh6 33.Rh1 Rb6 34.h3 Qg6 35.
Rhg1 Rb2 36.Qc3 Ra2 37.Ra1 Rxa1 38.Rxa1 Qh5 39.Rd1 Qxh3 40.Qe3 Re8 41.Qf4 
Qh6 42.Bxf5 Rf8 43.Ke3 Qa6 44.Ra1 Nh6 45.g4 Nf7 46.Kf2 Qh6 47.Kg3 Qxf4+ 
48.Kxf4 Nd8 49.Ng5 Kg7 50.Ne4 Ne6+ 51.Ke3 h5 52.Bxe6 Bxe6 53.gxh5 Bf5 54.
Rg1+ Kh6 55.Nd6 Kxh5 56.Rf1 Kg6 57.e6 Rf6 58.Rg1+ Kh7 59.Nxf5 Rxe6+ 60.Kf4
Re2 61.Rg7+ Kh8 62.Rxb7 c3 63.Rc7 c2 64.Ne3 1-0

[Event "23rd EUR-ch"]
[Site "Vrnjacka Banja SRB"]
[Date "2023.03.05"]
[Round "3.66"]
[White "Boruchovsky, Avital"]
[Black "Barseghian, Armen Ar."]
[Result "1-0"]
[WhiteElo "2536"]
[BlackElo "2382"]
[EventDate "2023.03.03"]
[PlyCount "53"]

1.d4 Nf6 2.c4 e6 3.Nc3 Bb4 4.e3 O-O 5.Bd2 d5 6.Nf3 b6 7.cxd5 exd5 8.Rc1 
Bb7 9.Bd3 Nbd7 10.O-O a6 11.Ne5 Be7 12.Be1 c5 13.f3 Re8 14.f4 c4 15.Bf5 b5
16.a3 Nb6 17.Qf3 Nc8 18.Bh3 Nd6 19.g4 Nfe4 20.g5 Nxc3 21.Bxc3 Ne4 22.Nxf7 
Kxf7 23.Qh5+ Kf8 24.Be6 Nd6 25.Qxh7 Bf6 26.f5 a5 27.Qh8+ 1-0

[Event "23rd EUR-ch"]
[Site "Vrnjacka Banja SRB"]
[Date "2023.03.05"]
[Round "3.68"]
[White "Janik, Igor"]
[Black "Garrido Outon, Alex"]
[Result "1/2-1/2"]
[WhiteElo "2527"]
[BlackElo "2380"]
[EventDate "2023.03.03"]
[PlyCount "65"]

1.Nf3 Nf6 2.c4 g6 3.g3 Bg7 4.Bg2 O-O 5.O-O d6 6.d4 c6 7.Nc3 Bf5 8.Ne1 e5 
9.d5 cxd5 10.cxd5 a5 11.h3 Na6 12.e4 Bd7 13.Be3 b5 14.Nd3 b4 15.Ne2 Bb5 
16.a4 bxa3 17.bxa3 Rb8 18.a4 Bc4 19.Qc2 Rc8 20.Qd2 Nd7 21.Nb2 Nb4 22.Nxc4 
Rxc4 23.Rfc1 Qc8 24.Rxc4 Qxc4 25.Rc1 Qb3 26.Nc3 Rc8 27.Nb5 Rxc1+ 28.Qxc1 
Nc2 29.Nxd6 Qxa4 30.Nb7 Bf8 31.d6 Nxe3 32.fxe3 Qb3 33.Nxa5 1/2-1/2

[Event "23rd EUR-ch"]
[Site "Vrnjacka Banja SRB"]
[Date "2023.03.05"]
[Round "3.69"]
[White "Arsovic, Zoran"]
[Black "Gavrilescu, David"]
[Result "1/2-1/2"]
[WhiteElo "2390"]
[BlackElo "2527"]
[EventDate "2023.03.03"]
[PlyCount "112"]

1.Nf3 d5 2.g3 Nf6 3.Bg2 c5 4.c4 d4 5.b4 cxb4 6.a3 bxa3 7.Bxa3 g6 8.O-O Bg7
9.d3 O-O 10.Nbd2 Nc6 11.Nb3 Re8 12.Nfd2 Qc7 13.Ra2 Rb8 14.Bc5 Nd7 15.Bxa7 
Ra8 16.Qa1 Rd8 17.Rb1 e5 18.Bc5 Rxa2 19.Qxa2 Nxc5 20.Nxc5 Bf8 21.Rb5 Kg7 
22.Qb2 Na7 23.Nxb7 Nxb5 24.Nxd8 Nc3 25.Nc6 Nxe2+ 26.Kf1 Nc3 27.Qb8 Qxb8 
28.Nxb8 f5 29.Nc6 Kf6 30.h4 Bd6 31.Nb3 Ba6 32.Ke1 Na4 33.Kd2 h6 34.Bf3 Bc8
35.Kc2 g5 36.hxg5+ hxg5 37.Nd2 g4 38.Bd5 Nc5 39.Nb3 Na6 40.Kd2 Bd7 41.Ke2 
Be8 42.Bg2 Nb4 43.Nca5 Ba4 44.Kd2 Ke7 45.Bb7 Kd7 46.f3 gxf3 47.Bxf3 Na2 
48.c5 Be7 49.g4 Bg5+ 50.Ke1 Nb4 51.c6+ Bxc6 52.Bxc6+ Nxc6 53.Nxc6 Kxc6 54.
gxf5 Kd5 55.Ke2 e4 56.dxe4+ Ke5 1/2-1/2

[Event "23rd EUR-ch"]
[Site "Vrnjacka Banja SRB"]
[Date "2023.03.05"]
[Round "3.70"]
[White "Petkov, Momchil"]
[Black "Leisch, Lukas"]
[Result "1/2-1/2"]
[WhiteElo "2526"]
[BlackElo "2378"]
[EventDate "2023.03.03"]
[PlyCount "72"]

1.d4 d5 2.c4 c6 3.Nf3 Nf6 4.Nc3 e6 5.g3 dxc4 6.Bg2 b5 7.Ne5 a6 8.O-O Bb7 
9.b3 b4 10.Na4 c3 11.Nc4 a5 12.e4 Be7 13.e5 Nd5 14.Qg4 Kf8 15.h4 h5 16.Qd1
Ba6 17.Re1 Nd7 18.Nd6 Bxd6 19.exd6 Qb8 20.Bxd5 cxd5 21.Bf4 Qb5 22.a3 Qc6 
23.axb4 axb4 24.Qf3 Kg8 25.Nc5 Nxc5 26.dxc5 Qxc5 27.d7 Qc6 28.Rxa6 Qxa6 
29.Bc7 f6 30.d8=Q+ Rxd8 31.Bxd8 Kf7 32.Bc7 Qa2 33.Qe3 Re8 34.Qf3 Rh8 35.
Qe3 Re8 36.Qf3 Rh8 1/2-1/2

[Event "23rd EUR-ch"]
[Site "Vrnjacka Banja SRB"]
[Date "2023.03.05"]
[Round "3.71"]
[White "Injac, Teodora"]
[Black "Kulaots, Kaido"]
[Result "0-1"]
[WhiteElo "2383"]
[BlackElo "2525"]
[EventDate "2023.03.03"]
[PlyCount "98"]

1.d4 Nf6 2.c4 g6 3.Nf3 Bg7 4.g3 b6 5.Bg2 Bb7 6.O-O O-O 7.Re1 e6 8.Nc3 Ne4 
9.Nxe4 Bxe4 10.Bg5 Qc8 11.Qd2 Qb7 12.Bh6 d6 13.h4 Nd7 14.h5 Rae8 15.b4 f6 
16.Bh3 Rf7 17.Bxg7 Kxg7 18.Qe3 gxh5 19.Nh4 Bg6 20.a4 Rfe7 21.Bg2 Qc8 22.a5
c5 23.axb6 axb6 24.Ra8 Qc7 25.Rea1 Rxa8 26.Bxa8 cxd4 27.Qxd4 Ne5 28.Rc1 d5
29.b5 Nxc4 30.Nxg6 hxg6 31.e4 Qb8 32.Bc6 Ne5 33.Kg2 dxe4 34.Qxe4 Qd6 35.
Qe3 Nd3 36.Ra1 Nc5 37.Ra8 Rf7 38.Qa3 Qc7 39.Qa1 Re7 40.Qd4 Rf7 41.Qa1 Qd6 
42.Qa2 Qd4 43.Re8 h4 44.gxh4 Nd3 45.Kf1 Nf4 46.Kg1 Qd1+ 47.Kh2 Qg4 48.Qa8 
Qh3+ 49.Kg1 Ne2# 0-1

[Event "23rd EUR-ch"]
[Site "Vrnjacka Banja SRB"]
[Date "2023.03.05"]
[Round "3.72"]
[White "Stremavicius, Pijus"]
[Black "Alsina Leal, Daniel"]
[Result "0-1"]
[WhiteElo "2383"]
[BlackElo "2522"]
[EventDate "2023.03.03"]
[PlyCount "94"]

1.e4 c5 2.Nf3 e6 3.g3 Nc6 4.Bg2 Nf6 5.Qe2 e5 6.O-O Be7 7.Nc3 O-O 8.Nd5 d6 
9.Nxe7+ Qxe7 10.c3 Be6 11.d3 Rad8 12.Re1 Rfe8 13.h3 d5 14.Nh4 h6 15.Nf5 
Bxf5 16.exf5 e4 17.dxe4 dxe4 18.Bf4 Qd7 19.g4 Ne5 20.Bxe5 Rxe5 21.Rad1 Rd5
22.Rxd5 Qxd5 23.Bxe4 Qxa2 24.Bxb7 Re8 25.Qxe8+ Nxe8 26.Rxe8+ Kh7 27.Kg2 
Qxb2 28.Bd5 h5 29.c4 hxg4 30.hxg4 Kh6 31.Bxf7 Kg5 32.Be6 a5 33.Ra8 Qa1 34.
Rc8 Qd4 35.Bd5 Qxg4+ 36.Kf1 Qd1+ 37.Kg2 Qg4+ 38.Kf1 Qd4 39.Ra8 a4 40.Kg2 
Qg4+ 41.Kh2 Qxf5 42.Kg2 Qg4+ 43.Kh2 Qd4 44.Kg2 Qa1 45.Ra5 a3 46.Rxc5 a2 
47.Bg8+ Kf4 0-1

[Event "23rd EUR-ch"]
[Site "Vrnjacka Banja SRB"]
[Date "2023.03.05"]
[Round "3.73"]
[White "Horvath, Dominik"]
[Black "Nemec, Jachym"]
[Result "1-0"]
[WhiteElo "2521"]
[BlackElo "2371"]
[EventDate "2023.03.03"]
[PlyCount "71"]

1.e4 c6 2.d4 d5 3.e5 c5 4.c3 Nc6 5.Be2 Bf5 6.Nf3 e6 7.O-O Nge7 8.dxc5 Ng6 
9.b4 Be7 10.Na3 Ngxe5 11.Nxe5 Nxe5 12.g4 Be4 13.f3 Bg6 14.f4 Nc6 15.f5 Bf6
16.Nb5 O-O 17.fxg6 hxg6 18.Be3 a5 19.a3 axb4 20.axb4 Rxa1 21.Qxa1 Nxb4 22.
Qa7 Nc2 23.Bf2 Bh4 24.Qxb7 Bxf2+ 25.Rxf2 Qg5 26.Qc7 e5 27.c6 Ne3 28.Qd7 f5
29.c7 Nxg4 30.Qxd5+ Kh7 31.Bxg4 Qxg4+ 32.Rg2 Qf4 33.Qd2 Qc4 34.Qd6 Rf6 35.
Qb4 Qd3 36.Qh4+ 1-0

[Event "23rd EUR-ch"]
[Site "Vrnjacka Banja SRB"]
[Date "2023.03.05"]
[Round "3.74"]
[White "Mastrovasilis, Athanasios"]
[Black "Secheres, Adrian-Simion"]
[Result "0-1"]
[WhiteElo "2518"]
[BlackElo "2369"]
[EventDate "2023.03.03"]
[PlyCount "136"]

1.d4 Nf6 2.c4 g6 3.Nc3 Bg7 4.Nf3 d6 5.g3 O-O 6.Bg2 Nc6 7.O-O a6 8.b3 Rb8 
9.d5 Na5 10.Bg5 h6 11.Bd2 c5 12.dxc6 Nxc6 13.Rc1 Be6 14.Ne1 Qd7 15.Nd5 
Rfd8 16.Nxf6+ exf6 17.Nd3 g5 18.f4 Ne7 19.e4 b5 20.f5 Qa7+ 21.Kh1 Bd7 22.
Ba5 Re8 23.c5 dxc5 24.Nxc5 Bc6 25.b4 Rbc8 26.Qd6 Qa8 27.g4 Kh7 28.Rfe1 Ng8
29.Qd4 h5 30.h3 Nh6 31.Bf3 Qb8 32.Kg2 Ba8 33.Qf2 Qf4 34.Nd3 Qd6 35.Rcd1 
Rc3 36.Qg3 Qd4 37.Nf2 Qc4 38.Qd6 Qxa2 39.Rd2 Qb3 40.Rd3 Rxd3 41.Qxd3 Qb2 
42.Qd7 Rh8 43.Re2 Qc3 44.gxh5 Bc6 45.Qd3 Qe5 46.Rc2 Rc8 47.Rc5 Qe8 48.Qd4 
Bf8 49.Rc3 Qe7 50.Rd3 Re8 51.Rc3 Rc8 52.Nd3 Bxe4 53.Rxc8 Bxf3+ 54.Kg1 Qe2 
55.Qf2 Qxd3 56.Rxf8 Qd1+ 57.Qf1 Qd4+ 58.Qf2 Qd1+ 59.Qf1 Qd6 60.Qxf3 Qxf8 
61.Qc6 Qe7 62.Qxa6 Qe1+ 63.Kg2 Nxf5 64.Qb7 Nh4+ 65.Kh2 Qf2+ 66.Kh1 Qf1+ 
67.Kh2 Nf3+ 68.Kg3 Qg1+ 0-1

[Event "23rd EUR-ch"]
[Site "Vrnjacka Banja SRB"]
[Date "2023.03.05"]
[Round "3.75"]
[White "Megalios, Konstantinos"]
[Black "Rasulov, Vugar"]
[Result "0-1"]
[WhiteElo "2382"]
[BlackElo "2516"]
[EventDate "2023.03.03"]
[PlyCount "78"]

1.d4 Nf6 2.c4 e6 3.Nc3 Bb4 4.a3 Bxc3+ 5.bxc3 O-O 6.f3 d5 7.cxd5 exd5 8.e3 
c5 9.Bd3 b6 10.Ne2 Ba6 11.O-O Re8 12.Ng3 Bxd3 13.Qxd3 Nc6 14.Bb2 Rc8 15.e4
cxd4 16.cxd4 dxe4 17.fxe4 Ne5 18.Qe2 Nc4 19.Rae1 b5 20.Ba1 Rc6 21.Qf2 Qc7 
22.d5 Ng4 23.Qd4 Rg6 24.Rf3 h5 25.h3 Nge5 26.Rb3 Qa5 27.Qf2 Qa4 28.Rc3 
Nxa3 29.Nxh5 Nac4 30.Rf1 Nd6 31.Rc7 Qxe4 32.Nf4 Rf6 33.Qd4 a5 34.Qxe4 Nxe4
35.Ne2 Rxf1+ 36.Kxf1 Nd3 37.d6 Ng3+ 38.Kg1 Nxe2+ 39.Kh2 Rd8 0-1